Регионална библиотека "Любен Каравелов" - Русе

Изкушенията на един плейбой (Запис номер 194188)

MARC детайли
000 -Лидер
Контролно поле с фиксирана дължина 00899nam a2200265 c 4500
003 - Код на организацията, давaща контролен номер
Контролно поле BLK
005 - Дата и час на последна редакция
Контролно поле 20180422115951.0
008 - Елементи от данни с фиксирана дължина
fixed length control field 180411b bul|||||r ||||||| ||bul||
010 ## - Наследен системен номер
LC control number KNG00203412000
040 ## - Източник на каталожния запис
Идентификатор на билиотеката - собственик на записа BLK
041 ## - Код за език
Код за езика на текст/звукозапис или на отделно заглавие Български
Код за езика КДБФ Български
080 ## - УДК
Текстов определител УДК Българска литература
УДК код - определител по УДК 821.163.2
УДК определител -31
УДК - код + определител 821.163.2-31
100 1# - Редна дума - Автор
Автор Кинов, Васил Дулев
Авторска отговорност първи автор
R(LIN) 377036
139 ## - Редно поле
Редна дума Кинов, Васил Дулев
Авторски знак Кин - К 54
245 10 - Сведения за заглавието
Заглавие Изкушенията на един плейбой
Подзаглавни данни Роман
Редно поле (дума) Васил Дулев Кинов.
257 ## - Страна на издаване
Страна на създаване/издаване България
260 ## - Област на издателските данни
-- София
Име на издателя, разпространителя и проч. Пейо К. Яворов
Година на издаване 1991
300 ## - Физическа характеристика
Страници 79 с.
Размери/Мащаб 20 см
380 ## - Жанр
Жанр Худож. лит.
852 ## - Местоположение
Форматна сигнатура Цб 167383
856 4# - Електронен адрес и достъп
Електронен формат pdf - файл
Път до файла /url/
856 4# - Електронен адрес и достъп
Електронен формат pdf - файл
Път до файла /url/
942 ## - АРТИКУЛИ
Вид на библиотечния материал Книги
Скрит в OPAC Не
944 ## - СЪЗДАВАНЕ И РЕДАКЦИЯ на ЗАПИСА
Създаване/Редакция Създаване
Дата на регистрацията/редакция 17.03.2017
Служител, извършил регистрацията/редакцията Наталия_Любомирова
944 ## - СЪЗДАВАНЕ И РЕДАКЦИЯ на ЗАПИСА
Създаване/Редакция Редакция
Дата на регистрацията/редакция 17.03.2017
Служител, извършил регистрацията/редакцията Наталия_Любомирова
999 ## - СИСТЕМНИ КОНТРОЛНИ НОМЕРА
Koha biblionumber 194188
Koha biblioitemnumber 194188
Наличности
Код за отписване Код за изгубен артикул Източник на класификационната схема Код за повреда Коз за рестрикции Код за отдаване Артикулен № Име на библиотеката - собственик Име на библиотеката, в която се намира в момента Статус (Текущо местоположение) Дата на вписване в системата Местоположение - отдел Цена в лева Инвентарен номер Систематично азбучна сигнатура Баркод Номер на екземпляра Цена в евро Служебна бележка Служебен тип на артикула
  Не е изгубен Universal Decimal Classification Не е повреден без рестрикции ползва се в читалня 339739 Регионална библиотека "Любен Каравелов" Русе Регионална библиотека "Любен Каравелов" Русе Хранилище 1991-01-01 Хранилище 5.50 562104 Цб 167383 120000562104 1 2.81 N: стар фонд Дата: 01.01.1991 Книги
Изтеглен Не е изгубен Universal Decimal Classification Не е повреден без рестрикции заемане за дома 339740 Регионална библиотека "Любен Каравелов" Русе Регионална библиотека "Любен Каравелов" Русе Заемна - подръчен фонд 1991-01-01 Заемна - подръчен фонд 5.50 565394 П 886.7-31/К 54 565394 2 2.81 N: стар фонд Дата: 01.01.1991 Книги
Изтеглен Не е изгубен Universal Decimal Classification Не е повреден без рестрикции заемане за дома 339741 Регионална библиотека "Любен Каравелов" Русе Регионална библиотека "Любен Каравелов" Русе Заемна - подръчен фонд 1991-01-01 Заемна - подръчен фонд 5.50 565395 П 886.7-31/К 54 565395 3 2.81 N: стар фонд Дата: 01.01.1991 Книги
Vip Innovations Ltd, Rousse, Bulgaria 2025